Why is liberal peacebuilding so difficult?: some lessons from Central America /

সংরক্ষণ করুন:
গ্রন্থ-পঞ্জীর বিবরন
প্রধান লেখক: Kurtenbach, Sabine
বিন্যাস: পাঠ‍্য
ট্যাগগুলো: ট্যাগ যুক্ত করুন
কোনো ট্যাগ নেই, প্রথমজন হিসাবে ট্যাগ করুন!

MARC

LEADER 00000 a a2200000 04500
001 43822
003
040
100 |a Kurtenbach, Sabine  
245 |a Why is liberal peacebuilding so difficult?:   |b some lessons from Central America /  |c Sabine Kurtenbach  
773 |g número88 ( , 2010), páginas 95-110  
999 |c 29102  |d 29102